15 Plus grandes villes du Moyen-Orient (avec une carte) - Statistiques

Statistiques générales
  • Ce quiz a été pris 72 fois
    61 depuis la dernière actualisation
  • Le résultat moyen est 11 sur 15
Réponses sur la Carte
Les réponses sont colorées sur une échelle allant du rouge au vert en fonction du pourcentage des utilisateurs qui les ont devinées à leur premier essai. Vous pouvez retrouver ces pourcentages ci-dessous.
 
Statistiques - réponses
Pays Ville Population % Correct
Turquie Istanbul 15,2 million
100%
Egypte Le Caire 9,8 million
100%
Turquie Ankara 5,1 million
97%
Iran Téhéran 8,7 million
97%
Arabie Saoudite Riyad 7 million
93%
Irak Bagdad 7 million
88%
Egypte Alexandrie 5,3 million
87%
Émirats arabes unis Dubaï 3,6 million
87%
Koweit Koweit 3,4 million
85%
Arabie Saoudite La Mecque 2,3 million
70%
Turquie Izmir 3 million
67%
Arabie Saoudite Djeddah 3,7 million
52%
Syrie Alep 2,1 million
50%
Egypte Gizeh 4,4 million
37%
Iran Mechhed 3 million
18%
Aucun quiz correspondant
Distribution des résultats
% des personnes avec chaque résultat
Percentile par nombre de réponses
Votre historique - résultats
Vous n’avez pas pris ce quiz depuis la dernière actualisation